| 000 | 00713nam a2200217 i 4500 | ||
|---|---|---|---|
| 001 | 171963 | ||
| 003 | ES-MaACL | ||
| 005 | 20250808062820.0 | ||
| 008 | 090609s1985 sp |||| | spa d | ||
| 017 | _aM 28736-1985 | ||
| 020 | _a84-220-1201-4 | ||
| 100 | 0 |
_aSabugal, Santos. _9101223 |
|
| 245 | 1 | 0 |
_aAbba'... _b: la oración del Señor : (historia y exégesis teológica) / _cpor Santos Sabugal. |
| 260 |
_aMadrid : _bLa Editorial Católica, _c1985. |
||
| 300 |
_aXXIV, 759 p. : _bil. ; _c20 cm. |
||
| 490 | 1 |
_aBiblioteca de autores cristianos ; _v467 |
|
| 500 | _aÍndices. | ||
| 830 | 0 | 0 |
_aBiblioteca de autores cristianos _v467 _9178679 |
| 852 |
_aES-MaACL _jJ-456 _9R.46092 |
||
| 999 |
_c171963 _d171963 |
||